000 00428nam a2200181Ia 4500
001 4006
005 20260306145724.0
008 260306t2011||||xx |||||||||||||| ||spa||
041 _aESP
082 _a306.362
_bK61
100 _aKlein, Herbert S.
_eAUT
245 0 _aEl tráfico atlántico de esclavos
260 _c2011
300 _a314 páginas :
_c21 cm.
650 _aGEN
654 _aCHU
942 _cLIB
_dJUS
_fJUS
_2ddc
_n
999 _c4006
_d4006